Latin American perceptions on the pacific basin evolution and prospects

Saved in:
Bibliografiske detaljer
Main Authors: Armanet Armanet, Pilar (Author), Sánchez Gonzalez, Walter (Author), Cousiño C., José Antonio (Author), Reutter Reinking, Juan (Author)
Format: Bog
Sprog:engelsk
Udgivet: Santiago Instituto de Estudios Internacionales 1985
Santiago Universidad de Chile 1985
Serier:Serie de Publicaciones Especiales, 65
Fag:
Tags: Tilføj Tag
Ingen Tags, Vær først til at tagge denne postø!

MARC

LEADER 00000nam a2200000 a 4500
001 UCW8703
003 CL-VaPUC
008 881021e19850000CL |||||||||||||||||eng|d
082 0 4 |a 327.8  |b ARM  |2 21 
100 0 |a Armanet Armanet, Pilar  |e author  |9 313926 
700 0 |a Sánchez Gonzalez, Walter  |e author  |9 313927 
700 0 |a Cousiño C., José Antonio  |e author  |9 313928 
700 0 |a Reutter Reinking, Juan  |e author  |9 313929 
245 1 0 |a Latin American perceptions on the pacific basin evolution and prospects 
300 |a 28 p 
942 |c BK 
945 |d 19881021 00:00:00 
260 |a Santiago  |b Instituto de Estudios Internacionales  |c 1985 
260 |a Santiago  |b Universidad de Chile  |c 1985 
650 0 |a Aspectos económicos  |9 255165 
650 0 |a Relaciones Exteriores  |9 255379 
651 0 |a América Latina   |9 255027 
651 7 |a OCEANO PACIFICO  |2 CL-VaPUC  |9 262019 
583 |a last modification  |c 20120606 11:58:37  |k Rodrigo Vera 
490 0 |a Serie de Publicaciones Especiales, 65 
999 |c 220996  |d 220994 
952 |0 0  |1 0  |4 0  |6 327_800000000000000_ARM_1985_1985  |7 0  |8 A  |9 213865  |a BIBHIS  |b BIBHIS  |d 2019-11-15  |i 2822113  |o 327.8 ARM 1985 1985  |p 2822113  |r 2023-01-25  |w 2019-11-15  |y BK  |k HIS